| 000 | 00794nam a22002177a 4500 | ||
|---|---|---|---|
| 999 |
_c2276 _d2276 |
||
| 003 | AR-CdUCM | ||
| 008 | 190304b ||||| |||| 00| 0 spa d | ||
| 040 |
_aMUNICIPALIDAD PROVINCIAL DEL CUSCO _cBIBLIOTECA MUNICIPAL DEL CUSCO |
||
| 082 |
_22ed. _a928 / _bG22V |
||
| 100 |
_aVazquez Ocaña, Fernando _98222 |
||
| 245 |
_aBiografias Gandesa : _bGarcia Lorca / |
||
| 260 |
_aMéxico D. F. : _bGrijalbo, _c1957. |
||
| 300 |
_a394 páginas ; _bilustraciones, _c22 cm. |
||
| 440 |
_aBiografías Gandesa. _94521 |
||
| 505 | _aContenido: Fuentevaqueros -- Granada -- El adolescente y la cábala -- Itinerario en prosa -- En el panal matritense -- Cántico primario ... | ||
| 650 |
_aLiteratura _983 |
||
| 650 |
_aBiografía _944067 |
||
| 650 |
_aEspaña _9176 |
||
| 942 |
_2ddc _cLIBROS |
||
| 945 | _aachl | ||